01366nam a22003617a 4500003000500000005001700005008004100022010001000063011001000073035001000083040000900093090001000102100004500112245010000157260004000257300001900297502009800316590003700414590004100451590004100492590004100533590004100574590004100615590004200656650002800698650003300726650004000759901000700799942001000806949004300816999001700859952012800876CHAP20220817042535.0971013s1986 r 00010 d a47576 a48548 a52694 cCHAP aTesis00aPérez Hernández, José Juan.989736 aExploración nematológica en el cultivo del algodón en el área de influencia de la URUZA aBermejillo, Dgo. :bEl autor,c1986 a52 h.b: ilus. aTesis (Ing. Agr. Esp. en Zonas Aridas) -- UACH. Unidad Regional Universitaria de Zonas Aridas aALEPHb10c20130110lUCH01h1317 aBATCH-UPDb10c20130110lUCH01h0111 aBATCH-UPDb10c20130110lUCH01h1900 aBATCH-UPDb10c20130409lUCH01h2103 aBATCH-UPDb10c20130410lUCH01h1228 aBATCH-UPDb10c20130914lUCH01h1838 aCONVERSIONb10c20130109lUCH01h132614aAlgodonxDurango.9399614aAlgodonxEnfermedades.9400614aNemátodos parásitos de plantas. aBK cTESIS bBCcTESd-117241eTS1h18620i52694si c47576d47576 00102local4051708TESISaBCbBCcPA_TESISd2019-12-31fTESISl0oTesisp-117241r2019-12-31 00:00:00w2019-12-31yTESIS